000 00520cam a2200205ua 4500
001 1781
005 20260515113407.0
008 110719n ii |||gr||||Z||||||eng
040 _cMAIN
100 1 _aDutta,
_eAuthor.
245 1 _aDefination, scope and funtions of education
_cby Dutta
250 _a1st.
260 _a[s.l]:
_b[s.n].
300 _a43p.
653 _aEducation
653 _aDefination, scope and funtions of education
700 _aSingha,
_eAuthor.
700 _aChoudhury,
_eAuthor.
942 _cBK
999 _c1664
_d1664